000
00285nam a2200133Ia 4500
100
_a
UNCTAD/D.L.Shah Trust
942
_c
BK
654
_a
Benchmarking
245
_a
Benchmarking & Process Improvement
260
_b
D
_a
NONE
_c
1998
300
_a
120
546
_a
ENGLISH
999
_c
19095
_d
19095